000 00819 a2200205 4500
003 Nust
005 20221206111159.0
010 _a 84010054
020 _a0070038996
040 _cNust
082 0 0 _a621.3819,BAR
100 1 _aBartee, Thomas C.
_925765
245 1 0 _aDigital computer fundamentals /
_cThomas C. Bartee.
250 _a6th ed.
260 _aNew York :
_bMcGraw-Hill,
_cc1985.
300 _axii, 610 p. :
_bill. ;
_c25 cm.
505 _aComputer Operation (Page-1), Boolean Algebra and Gate Networks (Page-59), Logic Design (Page-136), The Arithmetic-Logic Unit (Page-193), The Memory Element (Page-261), Input-Output Devices (Page-323), Buses and Interfaces (Page-379), The Control Unit (Page-421), Computer Organization (Page-455).
650 0 _aTelecommunication Engineering.
942 _2ddc
_cBK
999 _c182477
_d182477